00430nam a22001697a 4500003000500000005001700005008000400022020001800026040001800044041000800062082002400070100002300094245004200117250001800159260005700177300002600234322820221006115236.0zul a9780796040305 aRDAbengcRDA azul aZUL F 896.3986 NGCO a Ngcobo, Muzi Eric aIgazi lezibi /cby Muzi Eric Ngcobo  aFirst Edition aPietermaritzburg bShuter & Shooter Publishersc2014 aiii, 197 pagesc21 cm